000
00239 a2200097 4500
001
125199
040
_c
Escola Canadense de Niteroi
100
_a
Martin, Justin McCory
245
1
0
_a
Punctuation Tales - The New Mayor of Dogville
942
_c
BK
999
_c
125199
_d
125199